7 mối quan hệ duy trì trong cuộc sống : Quan hệ là thức quý giá nhất, nó là thứ đại diện cho năng lực làm việc của bạn

Nội dung cuốn sách giới thiệu về 7 mối quan hệ trong cuộc sống như: duy trì mối quan hệ với những người thân thích, duy trì mối quan hệ hôn nhân, bạn bè, chiến hữu, đồng nghiệp, ân nhân, đối thủ, hàng xóm và những người xung quanh....

সম্পূর্ণ বিবরণ

সংরক্ষণ করুন:
গ্রন্থ-পঞ্জীর বিবরন
প্রধান লেখক: Khánh Linh
বিন্যাস: গ্রন্থ
ভাষা:Undetermined
প্রকাশিত: Hà Nội Thời đại 2010
বিষয়গুলি:
ট্যাগগুলো: ট্যাগ যুক্ত করুন
কোনো ট্যাগ নেই, প্রথমজন হিসাবে ট্যাগ করুন!
Thư viện lưu trữ: Trung tâm Học liệu Trường Đại học Cần Thơ
LEADER 01071nam a2200217Ia 4500
001 CTU_159029
008 210402s9999 xx 000 0 und d
020 |c 50000 
082 |a 302 
082 |b Kh107 
100 |a Khánh Linh 
245 0 |a 7 mối quan hệ duy trì trong cuộc sống : 
245 0 |b Quan hệ là thức quý giá nhất, nó là thứ đại diện cho năng lực làm việc của bạn 
245 0 |c Khánh Linh 
260 |a Hà Nội 
260 |b Thời đại 
260 |c 2010 
520 |a Nội dung cuốn sách giới thiệu về 7 mối quan hệ trong cuộc sống như: duy trì mối quan hệ với những người thân thích, duy trì mối quan hệ hôn nhân, bạn bè, chiến hữu, đồng nghiệp, ân nhân, đối thủ, hàng xóm và những người xung quanh. 
650 |a Social interaction,Tương tác xã hội 
904 |i QHieu 
980 |a Trung tâm Học liệu Trường Đại học Cần Thơ